Quick math quiz only a short - x 8 - quiz 23 - Statistics

General Stats
  • This quiz has been taken 6 times
  • The average score is 11 of 15
Answer Stats
Hint Answer % Correct
7 56
100%
11 88
100%
25 200
80%
26 208
80%
34 272
80%
41 328
80%
54 432
80%
73 584
80%
17 136
60%
37 296
60%
39 312
60%
49 392
60%
63 504
60%
67 536
60%
69 552
60%
No matching quizzes found
Score Distribution
Percent of People with Each Score
Percentile by Number Answered
Your Score History
You have not taken this quiz